000 03098 a2200253 4500
001 43333
005 20260407155717.0
008 260407a2017 arg spa d
003 AR-UNSa-BCEJYS
040 _aAR-UNSa-BCEJYS
_bspa
_cAR-UNSa-BCEJYS
080 _a342.9
_xDerecho Administrativo
245 1 0 _aDerecho administrativo
020 _a978-987-03-3200-8
250 _a7a. ed.
264 1 _aBuenos Aires :
_bLa Ley
_c2017
300 _a5 v.
_c25 cm.
505 _aVol. I: Libro Primero: Principios generales: 1. El derecho administrativo - Libro Segundo: El Estado y sus funciones: 1. Nociones generales - 2. Organización administrativa - 3. Administración nacional - 4. Administración provincial - 5. Administración comunal. Facultades de las comunas - 6. Régimen jurídico y legal del presupuesto -- Vol. II: Libro Tercero: Actos administrativos: 1. Nociones preliminares - 2. Régimen jurídico del acto administrativo - 3. Clasificación de los actos administrativo - 4. Principales contratos de derecho público - 5. Contratos singulares - 6. Cuasicontratos administrativos y enriquecimiento sin causa - 7. Administración interna -- Vol. III: Libro Cuarto: Los agentes de la administración pública. Funcionarios y empleados: 1. Régimen jurídico de la función pública - 2. Derechos de los funcionarios - 3. Deberes y responsabilidades de los agentes públicos - Libro quinto: Dominio público y dominio privado del Estado: Dominio público y dominio privado del Estado - Libro sexto: El poder de policía: Protección y limitaciones de la libertad personal en la esfera administrativa -- Vol. IV: Libro Séptimo: Limitaciones a la propiedad privada regidas por el derecho administrativo: 1. Restricciones - 2. Servidumbres administrativas - 3. Ocupación temporánea - 4. Expropiación por causa de utilidad pública - Libro Octavo: Servicios públicos - Libro Noveno: Responsabilidad civil de la administración pública: 1. Idea general de la cuestión - 2. Doctrina sobre la responsabilidad del Estado - 3. Responsabilidad del Estado en el derecho público interno - Libro Décimo: Procedimiento y recursos administrativos -- Vol. V: Libro Décimo Primero: La jurisdicción en la administración pública: 1. Principios generales - 2. Las atribuciones de la administración pública y la revisión judicial - 3. La aplicación del derecho por el juez - 4. Las partes en el proceso contencioso-administrativo - 5. Lo contencioso-administrativo en el orden nacional - 6. El alcance de la revisión judicial - 7. La pretensión procesal - Libro Décimo Segundo: Los juicios en materia contenciosa-administrativa - 1. Las reglas del proceso - 2. Los medios procesales para accionar - 3. La oportunidad para deducir la acción - 4. Desarrollo del proceso - 5. Las medidas cautelares - 6. La conclusión de los juicios
041 _aspa
942 _cBK
590 _aniveau_biblio:m niveau_hierar:0
100 1 _aLuqui, Roberto Enrique
700 1 _aBielsa, Rafael
856 4 1 _uhttps://biblioeco.unsa.edu.ar/pmb/images/libros/L126643.jpg
_yImagen de portada
_qimage/jpeg
999 _c3685
_d3685